Globálne usporiadanie alebo konflikt?
V situácii globalizácie je stále novým spôsobom analyzovaný problém globálneho usporiadania, ktorý by akceptoval čoraz užšiu prepojenosť sveta a vytvoril zodpovedajúcu štruktúru univerzálnych práv, hodnôt a ich inštitucionalizácie. Druhá časť teoretikov tvrdí, že svet nie je bezpečnejší a rozhodujúc...
Na minha lista:
| Autor principal: | |
|---|---|
| Formato: | Capítulo de Livro |
| Idioma: | eslovaco |
| Assuntos: | |
| Tags: |
Sem tags, seja o primeiro a adicionar uma tag!
|
MARC
| LEADER | 00000nla a2200000 4500 | ||
|---|---|---|---|
| 001 | 0199088 | ||
| 005 | 20240502073350.5 | ||
| 041 | 0 | |a slo | |
| 044 | |a SK | ||
| 245 | 1 | 0 | |a Globálne usporiadanie alebo konflikt? |c Milan Márton |
| 520 | |a V situácii globalizácie je stále novým spôsobom analyzovaný problém globálneho usporiadania, ktorý by akceptoval čoraz užšiu prepojenosť sveta a vytvoril zodpovedajúcu štruktúru univerzálnych práv, hodnôt a ich inštitucionalizácie. Druhá časť teoretikov tvrdí, že svet nie je bezpečnejší a rozhodujúcimi sú silné štáty s ich záujmami. Napriek mnohým faktom má význam, podľa autora, uvažovať o formách globálneho usporiadania. | ||
| 610 | 2 | 0 | |a svet |
| 610 | 2 | 0 | |a globalizácia |
| 610 | 2 | 0 | |a kozmopolitizmus |
| 610 | 2 | 0 | |a práva ľudské |
| 610 | 2 | 0 | |a hodnota |
| 610 | 2 | 0 | |a spravodlivosť |
| 610 | 2 | 0 | |a Európa |
| 100 | 1 | |a Márton, Milan | |